[Event "4ème Open International des Sables d'Olo"]
[Site "Les Sables d'Olonne ; France"]
[Date "2017.07.17"]
[Round "3.10"]
[White "Lux, Gregory"]
[Black "Devallee, Jeremie"]
[Result "0-1"]
[WhiteElo "2068"]
[BlackElo "2261"]
[PlyCount "68"]
[EventDate "2017.??.??"]

1. e4 c5 2. Nc3 Nc6 3. g3 g6 4. Bg2 Bg7 5. d3 d6 6. Be3 Rb8 7. f4 Nf6 8. h3 O-O
9. Qd2 Bd7 10. Nf3 Qc8 11. Qf2 Ne8 12. g4 b5 13. e5 b4 14. Ne4 dxe5 15. fxe5
Nxe5 16. Nxe5 Bxe5 17. Bxc5 Nd6 18. d4 Nxe4 19. Bxe4 Bc6 20. Bxc6 Qxc6 21. O-O
Bd6 22. a3 Bxc5 23. dxc5 f5 24. axb4 fxg4 25. Qe3 gxh3 26. Qb3+ e6 27. Qxh3
Rxf1+ 28. Kxf1 Rxb4 29. Rxa7 Rf4+ 30. Ke2 Qe4+ 31. Kd1 Qd4+ 32. Kc1 Qg1+ 33.
Kd2 Qf2+ 34. Kd3 Qd4+ 0-1

[Event "4ème Open International des Sables d'Olo"]
[Site "Les Sables d'Olonne ; France"]
[Date "2017.07.17"]
[Round "4.1"]
[White "Inkiov, Ventzislav"]
[Black "Tirard, Hugo"]
[Result "1-0"]
[WhiteElo "2459"]
[BlackElo "2404"]
[PlyCount "56"]
[EventDate "2017.??.??"]

1. e4 c5 2. Nf3 Nc6 3. d4 cxd4 4. Nxd4 e5 5. Nb5 d6 6. N1c3 a6 7. Na3 b5 8. Nd5
Nce7 9. c4 Nxd5 10. exd5 bxc4 11. Nxc4 Be7 12. Bd2 a5 13. Be3 Rb8 14. Rc1 Bd7
15. Qd2 Nf6 16. Be2 O-O 17. O-O Ne4 18. Qxa5 Qxa5 19. Nxa5 Rxb2 20. Bc4 f5 21.
Nc6 Bf6 22. Rb1 Rxb1 23. Rxb1 f4 24. Bc1 Ra8 25. f3 Nc5 26. Bd2 Bf5 27. Rb5 Bg5
28. Bb4 Bd3 1-0

[Event "4ème Open International des Sables d'Olo"]
[Site "Les Sables d'Olonne ; France"]
[Date "2017.07.17"]
[Round "4.2"]
[White "Cotonnec, Melkior"]
[Black "Ortiz Suarez, Isan Reynaldo"]
[Result "0-1"]
[WhiteElo "2320"]
[BlackElo "2565"]
[PlyCount "90"]
[EventDate "2017.??.??"]

1. e4 c5 2. Nf3 d6 3. d4 cxd4 4. Qxd4 Nc6 5. Bb5 a6 6. Bxc6+ bxc6 7. O-O e5 8.
Qd3 Be7 9. c4 Qc7 10. Nc3 Nf6 11. h3 O-O 12. Rd1 Nh5 13. Qe2 g6 14. Bh6 Re8 15.
Rac1 Ng7 16. b3 a5 17. c5 dxc5 18. Bxg7 Kxg7 19. Na4 Ba6 20. Qe3 c4 21. Nb6
Rad8 22. Rxd8 Rxd8 23. Nxc4 f6 24. Ne1 a4 25. Nd3 Rd4 26. f4 Qd8 27. Rc3 Bxc4
28. bxc4 exf4 29. Nxf4 Rd1+ 30. Kh2 Qd2 31. c5 Qxe3 32. Rxe3 Kf7 33. Rd3 Rf1
34. Ne2 Bxc5 35. Nc3 Ke6 36. e5 fxe5 37. Nxa4 Bd6 38. Rd2 e4+ 39. g3 Rf3 40.
Rg2 g5 41. Nb6 e3 42. Nc4 Bc7 43. a4 Rxg3 44. Kh1 Rxh3+ 45. Kg1 Kd5 0-1

[Event "4ème Open International des Sables d'Olo"]
[Site "Les Sables d'Olonne ; France"]
[Date "2017.07.17"]
[Round "4.3"]
[White "Bailet, Pierre"]
[Black "Koziak, Vitali"]
[Result "1-0"]
[WhiteElo "2525"]
[BlackElo "2510"]
[PlyCount "107"]
[EventDate "2017.??.??"]

1. Nf3 d5 2. g3 g6 3. Bg2 Bg7 4. O-O e5 5. d3 Ne7 6. Nbd2 Nbc6 7. e4 O-O 8. c3
a5 9. a4 b6 10. Re1 dxe4 11. dxe4 Ba6 12. Qb3 Nc8 13. Nc4 Nd6 14. Bf1 Bxc4 15.
Bxc4 Nxc4 16. Qxc4 Qf6 17. Kg2 Rfe8 18. Be3 Qe6 19. Nd2 f6 20. Red1 Kf7 21. Qb5
Red8 22. Nc4 Na7 23. Qb3 Nc6 24. f3 Bf8 25. Rd5 Be7 26. Rad1 Rac8 27. g4 g5 28.
Bf2 Nb8 29. Rxd8 Bxd8 30. Bxb6 Nc6 31. Bc5 Rb8 32. Qa2 Kg6 33. b3 Be7 34. Bf2
h5 35. h3 hxg4 36. hxg4 Rh8 37. Qd2 Rd8 38. Qc2 Rh8 39. Rh1 Rd8 40. Ne3 Bf8 41.
Nd5 Rd7 42. Rh8 Bd6 43. Qb1 Rh7 44. Rxh7 Kxh7 45. Qd3 Ne7 46. Nxe7 Bxe7 47. Qd5
Qxd5 48. exd5 Kg6 49. Be1 Bc5 50. b4 Bb6 51. Bf2 Kf7 52. Bxb6 cxb6 53. bxa5
bxa5 54. c4 1-0

[Event "4ème Open International des Sables d'Olo"]
[Site "Les Sables d'Olonne ; France"]
[Date "2017.07.17"]
[Round "4.4"]
[White "Haub, Thorsten Michael"]
[Black "Legky, Nikolay A"]
[Result "1/2-1/2"]
[WhiteElo "2414"]
[BlackElo "2443"]
[PlyCount "52"]
[EventDate "2017.??.??"]

1. g3 d5 2. Bg2 e5 3. d3 Nc6 4. a3 Be6 5. Nd2 Qd7 6. h3 f5 7. e3 Nf6 8. Ne2
O-O-O 9. Nf3 e4 10. Nfd4 Bf7 11. Nxc6 Qxc6 12. Nd4 Qd7 13. b4 g6 14. Bb2 Bg7
15. Qd2 Rhg8 16. Nb3 Qe7 17. Bd4 Nd7 18. Bxg7 Rxg7 19. Qc3 Qf6 20. Qxf6 {(=)}
Nxf6 21. h4 Be8 22. Bf1 Re7 23. d4 b6 24. a4 Kd7 25. a5 Kd6 26. Be2 b5 1/2-1/2

[Event "4ème Open International des Sables d'Olo"]
[Site "Les Sables d'Olonne ; France"]
[Date "2017.07.17"]
[Round "4.5"]
[White "Frick, Christoph"]
[Black "Dijkhuis, Tycho"]
[Result "1-0"]
[WhiteElo "2239"]
[BlackElo "2417"]
[PlyCount "51"]
[EventDate "2017.??.??"]

1. e4 c5 2. d4 cxd4 3. c3 Nf6 4. e5 Nd5 5. Nf3 Nc6 6. Bc4 Nb6 7. Bb3 d5 8. exd6
Qxd6 9. O-O g6 10. Ng5 Nd8 11. Re1 Bg7 12. Ne4 Qe5 13. Bg5 Qc7 14. Na3 O-O 15.
Nb5 Qd7 16. Nxd4 Re8 17. Qf3 h6 18. Bh4 g5 19. Bg3 g4 20. Qe2 e5 21. Nb5 a6 22.
Nbd6 Rf8 23. Rad1 Qc7 24. Nxc8 Qxc8 25. Nd6 Qd7 26. Nxf7 1-0

[Event "4ème Open International des Sables d'Olo"]
[Site "Les Sables d'Olonne ; France"]
[Date "2017.07.17"]
[Round "4.6"]
[White "Eugene, Floryan"]
[Black "Colin, Vincent"]
[Result "1/2-1/2"]
[WhiteElo "2193"]
[BlackElo "2373"]
[PlyCount "28"]
[EventDate "2017.??.??"]

1. e4 e5 2. Nf3 Nc6 3. Bb5 a6 4. Ba4 Nf6 5. O-O Be7 6. Re1 b5 7. Bb3 O-O 8. h3
d6 9. c3 Bb7 10. d4 Re8 11. Ng5 Rf8 12. Nf3 Re8 13. Ng5 Rf8 14. Nf3 Re8 1/2-1/2

[Event "4ème Open International des Sables d'Olo"]
[Site "Les Sables d'Olonne ; France"]
[Date "2017.07.17"]
[Round "4.7"]
[White "Potrel, Manu"]
[Black "Bogdanov, Egor"]
[Result "0-1"]
[WhiteElo "2145"]
[BlackElo "2292"]
[PlyCount "86"]
[EventDate "2017.??.??"]

1. d4 Nf6 2. Bf4 g6 3. Nc3 d5 4. e3 Bg7 5. h4 h5 6. Nf3 O-O 7. Be2 c5 8. Nb5
Ne4 9. Bc7 Qd7 10. Bxb8 Rxb8 11. Nxa7 cxd4 12. exd4 Qc7 13. Nxc8 Rfxc8 14. c3
b5 15. a3 Nxc3 16. bxc3 Qxc3+ 17. Kf1 Ra8 18. g3 b4 19. Kg2 bxa3 20. Ra2 Bh6
21. Qa1 Bc1 22. Qxc3 {(=)} Rxc3 23. Ne1 Ra4 24. Nd3 Bh6 25. Rha1 Bg7 26. Nf4 e6
27. Bd1 Ra7 28. Ne2 Rd3 29. Bc2 Rd2 30. Kf3 Rc7 31. Bb1 Bxd4 32. Nxd4 Rxd4 33.
Rxa3 Rc1 34. Rb3 e5 35. Ra7 Rc6 36. Ke3 Rd1 37. Rbb7 Rf6 38. Rb2 Re1+ 39. Kd3
Rf3+ 40. Kd2 Rf1 41. Rbb7 R1xf2+ 42. Ke1 e4 43. Ba2 d4 0-1

[Event "4ème Open International des Sables d'Olo"]
[Site "Les Sables d'Olonne ; France"]
[Date "2017.07.17"]
[Round "4.8"]
[White "Devallee, Jeremie"]
[Black "Flachet, Thierry"]
[Result "1-0"]
[WhiteElo "2261"]
[BlackElo "2128"]
[PlyCount "41"]
[EventDate "2017.??.??"]

1. e4 e6 2. Nf3 d5 3. e5 c5 4. b4 cxb4 5. a3 Nh6 6. axb4 Bxb4 7. c3 Be7 8. d4
Nf5 9. Bd3 Nc6 10. O-O h5 11. Ba3 Bd7 12. Bxf5 exf5 13. c4 Be6 14. Nc3 a6 15.
Qb3 Na5 16. Qa4+ Nc6 17. Bxe7 Kxe7 18. Qa3+ Ke8 19. Nb5 Qe7 20. Nd6+ Kf8 21.
Qc5 1-0

[Event "4ème Open International des Sables d'Olo"]
[Site "Les Sables d'Olonne ; France"]
[Date "2017.07.17"]
[Round "4.9"]
[White "Mariette, Lucas"]
[Black "Hernandez Moya, Yuleisy"]
[Result "0-1"]
[WhiteElo "2124"]
[BlackElo "2256"]
[PlyCount "48"]
[EventDate "2017.??.??"]

1. e4 c5 2. Nf3 e6 3. d4 cxd4 4. Nxd4 Nc6 5. Nc3 Qc7 6. Be3 Nf6 7. a3 a6 8. Be2
b5 9. Qd2 Be7 10. O-O Bb7 11. Bf3 Ne5 12. Bf4 d6 13. Bxe5 dxe5 14. Nb3 O-O 15.
Qe3 Rac8 16. Ne2 Rfd8 17. c3 Nd7 18. Nec1 Nb6 19. Nd3 Nc4 20. Qe2 Nxb2 21. Nxb2
Qxc3 22. Nc1 Rd2 23. Nd1 Qxa1 24. Qxd2 Qxc1 0-1

[Event "4ème Open International des Sables d'Olo"]
[Site "Les Sables d'Olonne ; France"]
[Date "2017.07.17"]
[Round "4.10"]
[White "Gicquiaud, Karl"]
[Black "Hutois, Mickael"]
[Result "0-1"]
[WhiteElo "1847"]
[BlackElo "2230"]
[PlyCount "40"]
[EventDate "2017.??.??"]

1. d4 Nf6 2. c4 e6 3. Nc3 Bb4 4. Qc2 c5 5. dxc5 Na6 6. a3 Bxc3+ 7. Qxc3 Nxc5 8.
b4 Nce4 9. Qd4 d5 10. c5 b6 11. f3 bxc5 12. bxc5 Qa5+ 13. Qb4 Qc7 14. fxe4 Rb8
15. Qd4 e5 16. Bf4 exf4 17. exd5 O-O 18. Nh3 Qa5+ 19. Kd1 Bxh3 20. gxh3 Nxd5
0-1

[Event "4ème Open International des Sables d'Olo"]
[Site "Les Sables d'Olonne ; France"]
[Date "2017.07.18"]
[Round "5.1"]
[White "Ortiz Suarez, Isan Reynaldo"]
[Black "Inkiov, Ventzislav"]
[Result "1-0"]
[WhiteElo "2565"]
[BlackElo "2459"]
[PlyCount "31"]
[EventDate "2017.??.??"]

1. e4 c5 2. Nf3 d6 3. d4 cxd4 4. Nxd4 Nf6 5. Nc3 Nc6 6. Bg5 e6 7. Qd2 Be7 8.
O-O-O Nxd4 9. Qxd4 O-O 10. f4 Qa5 11. Be2 e5 12. Qe3 exf4 13. Bxf4 Be6 14. a3
Rac8 15. Nb5 Ng4 16. Qg3 {et gain blanc au coup 64.} 1-0

[Event "4ème Open International des Sables d'Olo"]
[Site "Les Sables d'Olonne ; France"]
[Date "2017.07.18"]
[Round "5.2"]
[White "Frick, Christoph"]
[Black "Bailet, Pierre"]
[Result "0-1"]
[WhiteElo "2239"]
[BlackElo "2525"]
[PlyCount "66"]
[EventDate "2017.??.??"]

1. e4 e5 2. Nf3 Nc6 3. d4 exd4 4. Nxd4 Nf6 5. Nxc6 bxc6 6. Bd3 d5 7. e5 Ng4 8.
O-O Bc5 9. Bf4 g5 10. Bd2 Qe7 11. h3 Nxe5 12. Re1 O-O 13. Qe2 f6 14. Nc3 Qg7
15. Na4 Bd6 16. c4 g4 17. Kh1 gxh3 18. gxh3 Qd7 19. Rg1+ Kh8 20. Rg3 Nxc4 21.
Rag1 Bxg3 22. Rxg3 Nxd2 23. Qxd2 Rg8 24. Rf3 Qg7 25. Rg3 Qf7 26. Rf3 Qh5 27.
Qf4 Qe5 28. Qxf6+ Qxf6 29. Rxf6 Bxh3 30. Nc5 Rgf8 31. Rh6 Bf5 32. Rxc6 Bxd3 33.
Nxd3 Rf3 0-1

[Event "4ème Open International des Sables d'Olo"]
[Site "Les Sables d'Olonne ; France"]
[Date "2017.07.18"]
[Round "5.3"]
[White "Legky, Nikolay A"]
[Black "Hernandez Moya, Yuleisy"]
[Result "0-1"]
[WhiteElo "2443"]
[BlackElo "2256"]
[PlyCount "98"]
[EventDate "2017.??.??"]

1. Nf3 Nf6 2. d4 e6 3. c4 b6 4. Bf4 Bb7 5. Nc3 Bb4 6. e3 Ne4 7. Rc1 Bxc3+ 8.
bxc3 d6 9. Bd3 O-O 10. h4 f5 11. Bxe4 Bxe4 12. Ng5 Qf6 13. c5 bxc5 14. dxc5 Na6
15. Qh5 h6 16. Nxe4 fxe4 17. cxd6 cxd6 18. O-O e5 19. Bg3 Nc5 20. f4 exf3 21.
gxf3 Qe6 22. Rc2 Rf6 23. f4 Raf8 24. Rd1 Ne4 25. Bh2 Qh3 26. Re1 Ng3 27. Qf3
exf4 28. Rg2 Qxh4 29. Bxg3 fxg3 30. Qxg3 Qxg3 31. Rxg3 g5 32. Rg4 Kg7 33. Rd1
Rc8 34. c4 Kg6 35. Rd5 Rc5 36. Rgd4 Rxd5 37. Rxd5 h5 38. e4 h4 39. e5 dxe5 40.
Rxe5 Rf4 41. Ra5 Rxc4 42. Rxa7 Kf5 43. Kh2 Kg4 44. Ra3 Rc2+ 45. Kg1 h3 46. Ra4+
Kg3 47. Ra3+ Kh4 48. Ra4+ g4 49. Ra3 h2+ 0-1

[Event "4ème Open International des Sables d'Olo"]
[Site "Les Sables d'Olonne ; France"]
[Date "2017.07.18"]
[Round "5.4"]
[White "Jactel, Nicolas"]
[Black "Haub, Thorsten Michael"]
[Result "0-1"]
[WhiteElo "1964"]
[BlackElo "2414"]
[PlyCount "68"]
[EventDate "2017.??.??"]

1. e4 g6 2. d4 Bg7 3. Nc3 d6 4. f4 a6 5. Nf3 e6 6. Bd3 Ne7 7. O-O O-O 8. Be3 b5
9. e5 Bb7 10. Qe2 Nd7 11. a4 b4 12. Ne4 a5 13. exd6 Nf5 14. dxc7 Qxc7 15. Ne5
Rad8 16. c3 bxc3 17. Nxc3 Qb8 18. Be4 Nf6 19. Bxb7 Qxb7 20. Rfd1 Nd5 21. Nxd5
Rxd5 22. Bf2 Rfd8 23. Rac1 h5 24. Rc5 Qb3 25. Rxd5 Rxd5 26. Rc1 Bxe5 27. dxe5
Qxa4 28. g3 Kg7 29. Qc2 Qb5 30. b3 Rd3 31. Ra1 Rxb3 32. Rxa5 Rb1+ 33. Kg2 Qf1+
34. Kf3 Nd4+ 0-1

[Event "4ème Open International des Sables d'Olo"]
[Site "Les Sables d'Olonne ; France"]
[Date "2017.07.18"]
[Round "5.5"]
[White "Tirard, Hugo"]
[Black "Hutois, Mickael"]
[Result "1-0"]
[WhiteElo "2404"]
[BlackElo "2230"]
[PlyCount "81"]
[EventDate "2017.??.??"]

1. e4 e5 2. Nf3 Nc6 3. Bb5 g6 4. c3 Bg7 5. d4 exd4 6. cxd4 Nge7 7. O-O a6 8.
Ba4 O-O 9. d5 Na5 10. Bc2 d6 11. Nc3 b5 12. Re1 c5 13. dxc6 Naxc6 14. a4 b4 15.
Nd5 Nxd5 16. exd5 Ne5 17. Nxe5 dxe5 18. a5 Bb7 19. Bb3 Qd6 20. Qd2 Rfd8 21. Rd1
Rac8 22. Qe2 Qf6 23. Be3 Bf8 24. Qd2 Rd7 25. Rac1 Rxc1 26. Qxc1 Qd8 27. Bb6 Qa8
28. Qc4 Bd6 29. h3 Re7 30. Qh4 Qe8 31. Qf6 Qd7 32. Be3 Re8 33. Bh6 Bf8 34. Bxf8
Rxf8 35. Qxe5 Re8 36. Qf4 Bc8 37. d6 Qf5 38. Qxf5 Bxf5 39. Bc4 Bd7 40. Rd4 Re5
41. Rf4 1-0

[Event "4ème Open International des Sables d'Olo"]
[Site "Les Sables d'Olonne ; France"]
[Date "2017.07.18"]
[Round "5.6"]
[White "Bogdanov, Egor"]
[Black "Treguer, Pierig"]
[Result "1-0"]
[WhiteElo "2292"]
[BlackElo "1951"]
[PlyCount "139"]
[EventDate "2017.??.??"]

1. e4 g6 2. d4 Bg7 3. Nf3 c6 4. Nc3 d5 5. h3 dxe4 6. Nxe4 Nf6 7. Nxf6+ exf6 8.
Bd3 O-O 9. O-O Qd6 10. Be3 Nd7 11. c4 f5 12. Qd2 Nf6 13. Bf4 Qd8 14. Rfe1 Be6
15. Bh6 Re8 16. Bxg7 Kxg7 17. Qc3 Kg8 18. Re2 Nh5 19. g3 Qd6 20. Kg2 Rad8 21.
Rae1 Qd7 22. Bc2 f4 23. g4 Ng7 24. Kh2 Qd6 25. Bb3 Bc8 26. Qa5 Rxe2 27. Rxe2
Ne6 28. c5 Qf8 29. Qxa7 Nxd4 30. Nxd4 Rxd4 31. Qb8 f3 32. Re3 Be6 33. Qxf8+
Kxf8 34. Bxe6 fxe6 35. Rxf3+ Ke7 36. Rb3 Rd7 37. Kg3 e5 38. Kf3 Ke6 39. Ke3 Rf7
40. Rd3 Rf4 41. Rd8 Rc4 42. Re8+ Kf6 43. Rb8 Rb4 44. b3 h5 45. gxh5 gxh5 46.
Kd3 Rd4+ 47. Kc3 Rd7 48. a4 Kf5 49. a5 Kf4 50. Rf8+ Kg5 51. b4 e4 52. b5 Rd3+
53. Kb4 Rd4+ 54. Kc3 Rd3+ 55. Kc4 cxb5+ 56. Kb4 Rd2 57. Rf7 Rb2+ 58. Ka3 Rc2
59. Rxb7 Rxc5 60. a6 Rc6 61. Rxb5+ Kf4 62. Ra5 Rc8 63. Rxh5 Ra8 64. Rh6 Kg5 65.
Re6 Kf5 66. Rb6 Kf4 67. Ka4 Ke5 68. Kb5 Kd5 69. Rb7 Kd6 70. a7 1-0

[Event "4ème Open International des Sables d'Olo"]
[Site "Les Sables d'Olonne ; France"]
[Date "2017.07.18"]
[Round "5.7"]
[White "Larand, Manuel"]
[Black "Devallee, Jeremie"]
[Result "1/2-1/2"]
[WhiteElo "1948"]
[BlackElo "2261"]
[PlyCount "111"]
[EventDate "2017.??.??"]

1. Nf3 g6 2. g3 Bg7 3. Bg2 e5 4. e4 Nc6 5. O-O Nge7 6. c3 O-O 7. d4 exd4 8.
Nxd4 Nxd4 9. cxd4 d5 10. exd5 Nf5 11. Nc3 Nxd4 12. Be3 Nf5 13. Bf4 Nd6 14. Rc1
Re8 15. Qb3 a6 16. Rfe1 Bf8 17. a4 b6 18. Rxe8 Qxe8 19. Bxd6 Bxd6 20. Ne4 Be5
21. d6 Be6 22. Qe3 c5 23. Nxc5 bxc5 24. Qxe5 Rd8 25. Rxc5 Qxa4 26. Rc1 Qd7 27.
Rd1 Bb3 28. Rd4 Re8 29. Qa5 Re2 30. h4 Rxb2 31. h5 Be6 32. hxg6 hxg6 33. Qxa6
Ra2 34. Qb6 Qa7 35. Qd8+ Kg7 36. Rf4 Bf5 37. Qe7 Qc5 38. Qc7 Qe5 39. Be4 Ra1+
40. Kh2 Be6 41. Rh4 Qd4 42. Bg2 Qd1 43. Qc3+ f6 44. Qc7+ Bf7 45. Rh7+ Kxh7 46.
Qxf7+ Kh6 47. Qxf6 Qh5+ {(=)} 48. Bh3 Ra8 49. d7 Qg5 50. Qxg5+ Kxg5 51. Kg2 Kf6
52. f4 Ke7 53. Bg4 Ra1 54. f5 Kxd7 55. fxg6+ Ke7 56. Bf5 1/2-1/2

[Event "4ème Open International des Sables d'Olo"]
[Site "Les Sables d'Olonne ; France"]
[Date "2017.07.18"]
[Round "5.8"]
[White "Koziak, Vitali"]
[Black "Eugene, Floryan"]
[Result "1/2-1/2"]
[WhiteElo "2510"]
[BlackElo "2193"]
[PlyCount "86"]
[EventDate "2017.??.??"]

1. d4 Nf6 2. c4 g6 3. Nc3 Bg7 4. e4 d6 5. f3 O-O 6. Be3 a6 7. Qd2 c6 8. Nge2 b5
9. h4 bxc4 10. O-O-O Nbd7 11. h5 Qa5 12. hxg6 fxg6 13. Nf4 Nb6 14. g4 g5 15.
Nfe2 h6 16. Ng3 e6 17. Be2 Rb8 18. Qc2 Bd7 19. Rd2 Be8 20. f4 Nfd5 21. exd5
gxf4 22. Bf2 Nxd5 23. Nh5 Nxc3 24. Qxc3 Qxa2 25. b4 Qb3 26. Qxb3 cxb3 27. Nxg7
Kxg7 28. Kb2 Rxb4 29. Bxa6 Bg6 30. Bd3 Ra8 31. Kc3 Rb7 32. Bxg6 Kxg6 33. Rb2
Kg5 34. Rh5+ Kxg4 35. Rxh6 Kf5 36. Rh5+ Ke4 37. Rh6 Kd5 38. Rf6 e5 39. Rd2 Ra2
40. dxe5+ Rxd2 41. Rxd6+ Kxe5 42. Rxd2 b2 43. Rxb2 Rxb2 1/2-1/2

[Event "4ème Open International des Sables d'Olo"]
[Site "Les Sables d'Olonne ; France"]
[Date "2017.07.18"]
[Round "5.9"]
[White "Le Ruyet, Leopold"]
[Black "Grishchenko, Sergey"]
[Result "0-1"]
[WhiteElo "2337"]
[BlackElo "2439"]
[PlyCount "66"]
[EventDate "2017.??.??"]

1. d4 d5 2. c4 dxc4 3. e3 Nf6 4. Bxc4 e6 5. Nf3 a6 6. Bb3 c5 7. O-O Nc6 8. Nc3
b5 9. a4 b4 10. Ne2 Bb7 11. Nf4 Na5 12. Ba2 Bd6 13. dxc5 Bxc5 14. Nd4 e5 15.
Nd3 Bxd4 16. exd4 Qxd4 17. Qe2 e4 18. Nf4 O-O 19. Rd1 Qe5 20. Nd3 Qe7 21. Bd2
Nc6 22. Nf4 Qe5 23. Be3 Na5 24. Bb6 Qxf4 25. Bxa5 Ng4 26. g3 Qf5 27. Bxb4 e3
28. f3 Ne5 29. Qxe3 Nxf3+ 30. Kf2 Ng5+ 31. Ke1 Rae8 32. Be7 Nf3+ 33. Ke2 Qc2+
0-1

[Event "4ème Open International des Sables d'Olo"]
[Site "Les Sables d'Olonne ; France"]
[Date "2017.07.18"]
[Round "5.10"]
[White "Colin, Vincent"]
[Black "Jackson, Thomas"]
[Result "1-0"]
[WhiteElo "2373"]
[BlackElo "2043"]
[PlyCount "34"]
[EventDate "2017.??.??"]

1. e4 c5 2. Nf3 e6 3. d4 cxd4 4. Nxd4 Nc6 5. Nc3 Qc7 6. Be3 a6 7. Qf3 Nf6 8.
O-O-O Be7 9. Rg1 Ne5 10. Qg3 O-O 11. f4 Nc4 12. e5 Ne8 13. Nf5 Bb4 14. Bxc4
Bxc3 15. Ne7+ Kh8 16. Bd3 Bxb2+ 17. Kxb2 g6 1-0

[Event "4ème Open International des Sables d'Olo"]
[Site "Les Sables d'Olonne ; France"]
[Date "2017.07.19"]
[Round "6.1"]
[White "Bailet, Pierre"]
[Black "Ortiz Suarez, Isan Reynaldo"]
[Result "0-1"]
[WhiteElo "2525"]
[BlackElo "2565"]
[PlyCount "104"]
[EventDate "2017.??.??"]

1. e4 c5 2. Nf3 d6 3. Bb5+ Nd7 4. O-O a6 5. Bd3 Ngf6 6. Re1 e6 7. c3 Be7 8. Bc2
b5 9. d4 Bb7 10. Nbd2 Qc7 11. a4 O-O 12. Bd3 c4 13. Bc2 e5 14. Nf1 Rfe8 15. Ng3
Bf8 16. Be3 g6 17. h3 exd4 18. Bxd4 Bg7 19. axb5 axb5 20. Rxa8 Bxa8 21. b4 cxb3
22. Bxb3 Nc5 23. Nd2 h5 24. Qf3 Nxb3 25. Nxb3 Re6 26. Nd2 h4 27. Ngf1 Qc6 28.
Ra1 Nxe4 29. Nb3 Re8 30. Ra7 Qd5 31. Bxg7 Kxg7 32. c4 bxc4 33. Ne3 Ng5 34. Qxd5
Bxd5 35. Na5 Be6 36. Naxc4 Bxc4 37. Nxc4 d5 38. Ne3 d4 39. Ng4 Re1+ 40. Kh2 Ne6
41. Rd7 g5 42. Rd5 f6 43. Rd7+ Kg6 44. Rd6 f5 45. Ne3 Kf6 46. Nc4 Re2 47. Kg1
g4 48. hxg4 fxg4 49. Nb6 Rc2 50. Rd5 g3 51. Nd7+ Ke7 52. fxg3 hxg3 0-1

[Event "4ème Open International des Sables d'Olo"]
[Site "Les Sables d'Olonne ; France"]
[Date "2017.07.19"]
[Round "6.2"]
[White "Inkiov, Ventzislav"]
[Black "Bogdanov, Egor"]
[Result "1/2-1/2"]
[WhiteElo "2459"]
[BlackElo "2292"]
[PlyCount "39"]
[EventDate "2017.??.??"]

1. d4 Nf6 2. c4 g6 3. Nc3 Bg7 4. Nf3 O-O 5. Bg5 c5 6. e3 cxd4 7. Nxd4 Nc6 8.
Qd2 b6 9. Be2 Bb7 10. O-O d6 11. Bf3 Qd7 12. Bxf6 Bxf6 13. Nd5 Bg5 14. Rac1
Rac8 15. Nb5 Rfd8 16. Rfd1 Ba8 17. b3 Bh6 18. g3 Bg7 19. Bg2 Ne5 20. f4 {puis
nulle au coup 46.} 1/2-1/2

[Event "4ème Open International des Sables d'Olo"]
[Site "Les Sables d'Olonne ; France"]
[Date "2017.07.19"]
[Round "6.3"]
[White "Haub, Thorsten Michael"]
[Black "Tirard, Hugo"]
[Result "1/2-1/2"]
[WhiteElo "2414"]
[BlackElo "2404"]
[PlyCount "92"]
[EventDate "2017.??.??"]

1. g3 g6 2. Bg2 Bg7 3. e4 c5 4. d3 Nc6 5. Nf3 e6 6. O-O Nge7 7. Nbd2 d5 8. Re1
b6 9. exd5 exd5 10. d4 c4 11. Ne5 Nxe5 12. dxe5 Be6 13. Nf3 O-O 14. Nd4 Qd7 15.
Bg5 Kh8 16. Qd2 Ng8 17. c3 Rae8 18. Bf4 h6 19. h4 Kh7 20. Qc2 Ne7 21. Rad1 Kh8
22. Qc1 Kh7 23. Nc2 Rd8 24. Ne3 Qc7 25. Qc2 Kh8 26. Qe2 Qc8 {(=)} 27. Rd2 Rfe8
28. Red1 Nc6 29. Bxd5 b5 30. Bxe6 Rxd2 31. Rxd2 Rxe6 32. Qf3 Qe8 33. a4 a6 34.
axb5 axb5 35. Rd5 Nxe5 36. Bxe5 Rxe5 37. Rxe5 Bxe5 38. h5 Bg7 39. Kg2 Kh7 40.
Nd5 Qe6 41. Nf4 Qf5 42. hxg6+ fxg6 43. Qb7 h5 44. Qe7 Kh6 45. Ne6 Be5 46. f4
Qc2+ 1/2-1/2

[Event "4ème Open International des Sables d'Olo"]
[Site "Les Sables d'Olonne ; France"]
[Date "2017.07.19"]
[Round "6.4"]
[White "Hernandez Moya, Yuleisy"]
[Black "Colin, Vincent"]
[Result "1/2-1/2"]
[WhiteElo "2256"]
[BlackElo "2373"]
[PlyCount "102"]
[EventDate "2017.??.??"]

1. e4 c5 2. Nf3 a6 3. c4 d6 4. d4 cxd4 5. Nxd4 Nf6 6. Nc3 e6 7. Be2 Be7 8. O-O
Qc7 9. Be3 b6 10. Qd2 Bb7 11. f3 O-O 12. Rfc1 Rc8 13. Kh1 Nbd7 14. b4 Qd8 15.
Nb3 Rab8 16. a3 Ne5 17. Na4 Nfd7 18. Nb2 Qf8 19. Rc2 h5 20. Bg5 Nf6 21. Rd1 Ng6
22. Nd3 Qe8 23. Be3 h4 24. Nf2 Bc6 25. Rdc1 Rd8 26. Qc3 Ba4 27. Bd4 Rdc8 28.
Qb2 Nd7 29. Nh3 Bf8 30. Rc3 {(=)} Nf6 31. Nd2 Bd7 32. Be3 d5 33. cxd5 Rxc3 34.
Qxc3 exd5 35. Ng5 Rc8 36. Qb2 Qe5 37. Qb1 d4 38. Nc4 Qc7 39. Bxd4 b5 40. Be3
bxc4 41. Bxc4 Qxc4 42. Rxc4 Rxc4 43. Qb3 Bb5 44. a4 Rxb4 45. Qxf7+ Kh8 46. Qxg6
Be8 47. Qf5 Bd7 48. Qg6 Rb1+ 49. Bg1 Bc5 50. Nf7+ Kg8 51. Nh6+ Kh8 1/2-1/2

[Event "4ème Open International des Sables d'Olo"]
[Site "Les Sables d'Olonne ; France"]
[Date "2017.07.19"]
[Round "6.5"]
[White "Grishchenko, Sergey"]
[Black "Frick, Christoph"]
[Result "1-0"]
[WhiteElo "2439"]
[BlackElo "2239"]
[PlyCount "40"]
[EventDate "2017.??.??"]

1. d4 d5 2. c4 c6 3. Nf3 Nf6 4. Nc3 dxc4 5. e4 b5 6. e5 Nd5 7. Be2 Bf5 8. Nh4
e6 9. Nxf5 exf5 10. O-O Na6 11. a4 Nac7 12. axb5 cxb5 13. Bf3 a6 14. Bxd5 Nxd5
15. Qf3 Nc7 16. Nxb5 Rc8 17. Nxc7+ Qxc7 18. Rxa6 Bb4 19. Qxf5 O-O 20. f3 Qb7
1-0

[Event "4ème Open International des Sables d'Olo"]
[Site "Les Sables d'Olonne ; France"]
[Date "2017.07.19"]
[Round "6.6"]
[White "Cotonnec, Melkior"]
[Black "Larand, Manuel"]
[Result "1-0"]
[WhiteElo "2320"]
[BlackElo "1948"]
[PlyCount "93"]
[EventDate "2017.??.??"]

1. b3 e5 2. Bb2 Nc6 3. e3 Nf6 4. Bb5 d6 5. Ne2 Be7 6. O-O a6 7. Bxc6+ bxc6 8.
d3 O-O 9. Nd2 Re8 10. e4 a5 11. a4 Bf8 12. Nc4 Be6 13. Ne3 Ng4 14. Nxg4 Bxg4
15. f3 Bh5 16. Qd2 d5 17. Bc3 Bc5+ 18. Kh1 Bb6 19. Rae1 Bg6 20. Ng3 f6 21. f4
dxe4 22. Nxe4 f5 23. Ng3 e4 24. dxe4 Qxd2 25. Bxd2 fxe4 26. Be3 c5 27. c4 Rad8
28. f5 Bf7 29. Rd1 Rd6 30. Rfe1 Rd3 31. Rxd3 exd3 32. Kg1 g6 33. Kf2 gxf5 34.
Nxf5 Bg6 35. g4 Bxf5 36. gxf5 Re5 37. Bf4 Rxf5 38. Ke3 Kf7 39. Ke4 Rf6 40. Rd1
Ke6 41. Rxd3 Rg6 42. Rh3 Rg7 43. Rh6+ Kd7 44. Be5 Re7 45. Kf5 Rf7+ 46. Rf6 Re7
47. h4 1-0

[Event "4ème Open International des Sables d'Olo"]
[Site "Les Sables d'Olonne ; France"]
[Date "2017.07.19"]
[Round "6.7"]
[White "Devallee, Jeremie"]
[Black "Englisch, Colya"]
[Result "1-0"]
[WhiteElo "2261"]
[BlackElo "1995"]
[PlyCount "47"]
[EventDate "2017.??.??"]

1. e4 d6 2. d4 Nf6 3. Nc3 g6 4. Be2 Bg7 5. g4 O-O 6. g5 Ne8 7. h4 e5 8. dxe5
Bxe5 9. f4 Bg7 10. Be3 Nc6 11. Qd2 Qe7 12. Bf3 Be6 13. O-O-O a6 14. h5 Rb8 15.
Nge2 b6 16. Ng3 Bc4 17. e5 Nxe5 18. fxe5 Qxe5 19. Bf4 Qa5 20. hxg6 fxg6 21.
Bd5+ Bxd5 22. Qxd5+ Qxd5 23. Nxd5 Rf7 24. Rhf1 1-0